000
00235nmm a2200085Ia 4500
008
220120s9999||||xx |||||||||||||||||und||
100
_a
LFY
_9
10674
245
0
_a
Database solutions ; MYSQL posstgre SQL 8.2.3, Firebird 2.0.
260
_c
2007
999
_c
138548
_d
138548